| 000 | 01027fam a2200301 a 4500 | ||
|---|---|---|---|
| 005 | 20260322212047.0 | ||
| 008 | data | ||
| 010 | _a 98012725 | ||
| 020 | _a0684842319 | ||
| 020 | _a9780684842318 | ||
| 040 |
_aDLC _cDLC |
||
| 050 | 0 | 0 |
_aRA778 _b.N49 1998 |
| 092 | _a613.042 N49 1998 | ||
| 245 | 0 | 0 |
_aOur bodies, ourselves for the new century : _ba book by and for women / _cthe Boston Women's Health Book Collective. |
| 260 |
_aNew York : _bSimon & Schuster, _c1998. |
||
| 300 |
_a780 p. : _bill. ; _c28 cm. |
||
| 490 | 0 | _aA Touchstone book. | |
| 500 | _aOriginally published in 1984 under the title: Our bodies, ourselves. | ||
| 504 | _aIncludes bibliographical references and index. | ||
| 590 | _aIncludes bibliographical references and index. | ||
| 590 | _aRev. ed. of : Our bodies, ourselves, 1984. | ||
| 650 | 0 |
_aWomen _xHealth and hygiene. |
|
| 650 | 0 |
_aWomen _xDiseases. |
|
| 650 | 0 |
_aWomen _xPsychology. |
|
| 710 | 2 | _aBoston Women's Health Book Collective. | |
| 730 | 0 | _aOur bodies, ourselves. | |
| 001 | data | ||
| 999 |
_c1100 _d1100 |
||